000
00355nam a2200133Ia 4500
008
231129s1986||||xx |||||||||||||| ||spa||
020
_a
968-24-1168-8
040
_b
spa
082
_a
630.715 E96e
245
0
_a
Extensión y capacitación rurales
260
_c
1986
264
_a
México : Trillas
942
_2
ddc
_c
BKS
999
_c
13830
_d
13830